[Event "76. Campeonato de Alemania"]
[Site "Altenkirchen GER"]
[Date "2005.02.26"]
[Round "9.21"]
[White "Pajeken, Wolfgang"]
[Black "Bischoff, Dieter"]
[Result "1-0"]
[WhiteElo "2354"]
[BlackElo "2145"]
[PlyCount "61"]
[EventDate "2005.02.18"]
[EventType "swiss"]
[EventRounds "9"]
[EventCountry "GER"]
[Source "lmi"]
[SourceDate "2005.02.23"]

1. Nf3 Nf6 2. c4 c5 3. g3 Nc6 4. Bg2 g6 5. O-O Bg7 6. d4 cxd4 7. Nxd4 Nxd4 8.
Qxd4 O-O 9. c5 d6 10. cxd6 Ne8 11. Qh4 Nxd6 12. Nc3 Nf5 13. Qb4 a5 14. Qa3 Nd4
15. Bg5 Nc2 16. Qxe7 Qxe7 17. Bxe7 Nxa1 18. Bxf8 Kxf8 19. Rxa1 Rb8 20. Rd1 Bg4
21. h3 Bxc3 22. hxg4 Bxb2 23. Rd7 Ke8 24. Rc7 Be5 25. Rc5 Bf6 26. Rxa5 b6 27.
Ra7 Kf8 28. Bd5 Be7 29. g5 Rd8 30. e4 Re8 31. Rb7 1-0

[Event "76. Campeonato de Alemania"]
[Site "Altenkirchen GER"]
[Date "2005.02.26"]
[Round "9.22"]
[White "Schmidt, Reiner"]
[Black "Leiber, Bernhard"]
[Result "1-0"]
[WhiteElo "2183"]
[BlackElo "2230"]
[PlyCount "71"]
[EventDate "2005.02.18"]
[EventType "swiss"]
[EventRounds "9"]
[EventCountry "GER"]
[Source "lmi"]
[SourceDate "2005.02.23"]

1. d4 Nf6 2. c4 d6 3. Nc3 Nbd7 4. e4 e5 5. Be3 Be7 6. Bd3 exd4 7. Bxd4 Ne5 8.
Be2 O-O 9. h3 a6 10. Nf3 Nfd7 11. O-O Nxf3+ 12. Bxf3 Bg5 13. Bg4 c5 14. Bxd7
cxd4 15. Bxc8 dxc3 16. Bxb7 Rb8 17. Bxa6 Rxb2 18. a4 c2 19. Qd4 Bf6 20. Qd3 Bg5
21. Bb5 Qb6 22. Rac1 Bxc1 23. Rxc1 Qa5 24. Rxc2 Qe1+ 25. Kh2 Rxc2 26. Qxc2 f5
27. c5 fxe4 28. cxd6 Qxf2 29. Qxe4 Qb6 30. Qe5 Qb8 31. Kh1 Rd8 32. Qe6+ Kh8 33.
d7 Qf4 34. Qe8+ Qf8 35. Qxf8+ Rxf8 36. a5 1-0

[Event "76. Campeonato de Alemania"]
[Site "Altenkirchen GER"]
[Date "2005.02.26"]
[Round "9.23"]
[White "Heidorn, Oliver"]
[Black "Schinke, Andreas"]
[Result "1-0"]
[WhiteElo "2111"]
[BlackElo "2191"]
[PlyCount "69"]
[EventDate "2005.02.18"]
[EventType "swiss"]
[EventRounds "9"]
[EventCountry "GER"]
[Source "lmi"]
[SourceDate "2005.02.23"]

1. d4 Nf6 2. Nf3 g6 3. Bf4 Bg7 4. e3 O-O 5. Bd3 d5 6. O-O c5 7. c3 Qb6 8. Bxb8
Rxb8 9. Qb3 Qc7 10. dxc5 Bg4 11. Qa3 Nd7 12. b4 Bxf3 13. gxf3 a5 14. Nd2 axb4
15. cxb4 Bxa1 16. Rxa1 Qe5 17. Nb3 Qc3 18. Bb5 Ne5 19. f4 Nc6 20. Bxc6 bxc6 21.
Qa6 Rfc8 22. Qa7 Kf8 23. Rb1 Rxb4 24. Qd7 Rbb8 25. Rc1 Qb2 26. Re1 Qxa2 27. Nd4
Qa5 28. Rc1 Qa6 29. Qh3 Kg7 30. Kh1 e6 31. f5 e5 32. fxg6 hxg6 33. Nf5+ gxf5
34. Rg1+ Kf6 35. Qh6+ 1-0